British Army Ranks - Statistics

General Stats
  • This quiz has been taken 196 times
    174 since last reset
  • The average score is 13 of 18
Answer Stats
Rank % Correct
Private/Rifleman/Trooper/Guardsman/Gunner/Sapper/Fusilier/Kingsman
92%
Corporal
89%
Sergeant
86%
Captain
83%
Lance Corporal
83%
Major
82%
Colonel
79%
General
77%
First Lieutenant
75%
Brigadier
72%
Staff/Colour Sergeant
65%
Second Lieutenant
63%
Lieutenant Colonel
61%
Major General
61%
Warrant Officer Class 1/Regimental Sergeant Major
60%
Warrant Officer Class 2/Company/Squadron Sergeant Major
58%
Lieutenant General
52%
Officer Cadet
27%
No matching quizzes found
Score Distribution
Percent of People with Each Score
Percentile by Number Answered
Your Score History
You have not taken this quiz since the last reset